| 000 | 01027nam a2200289 i 4500 | ||
|---|---|---|---|
| 001 | 768714001 | ||
| 003 | CO-MdFUSB | ||
| 005 | 20240618062725.0 | ||
| 007 | ta | ||
| 008 | 230310t2018 enkad||| |||| 00| 0 eng d | ||
| 020 | _a9781945269233 | ||
| 040 |
_aCO-MdFUSB _bspa _cCO-MdFUSB _dCO-MdFUSBC _erda |
||
| 041 | _aeng | ||
| 082 |
_223 _a261.1 _bUK34 |
||
| 245 | 1 | 4 |
_aThe UK church in action : _bperceptions of social justice and mission in a changing world _c/ Barna Group |
| 264 | 1 |
_aInglaterra : _bBarna Group, _c[2018] |
|
| 264 | 4 | _c© 2018 | |
| 300 |
_a102 páginas _c; 23 cm |
||
| 336 |
_2rdacontent _atexto _btxt |
||
| 337 |
_2rdamedia _asin mediación _bn |
||
| 338 |
_2rdacarrier _avolumen _bnc |
||
| 505 | _a¿Que buena es la iglesia? / Q&A con Dr. Paula Gooder -- Justicia social y misión / Q&A con Roy Crowne -- La iglesia en el Reino Unido: retracto actual -- Socios para un futuro. Q&A con Dr. Krish Kandiah | ||
| 650 | 0 |
_aMisiones _9154 |
|
| 650 | 0 |
_91851 _aJusticia social |
|
| 942 | _cBK | ||
| 945 | _aJTF-925 | ||
| 999 |
_c68567 _d68567 |
||